[Event "-chT Youth Countries 2019"]
[Site "Wuerzburg"]
[Date "2019.10.02"]
[Round "2.6"]
[White "Faerber, Sophie"]
[Black "Grabs, Peter"]
[Result "0-1"]
[WhiteElo "1414"]
[BlackElo "1592"]
[Annotator "NA"]
[PlyCount "48"]
[EventDate "2019.10.02"]
[EventType "team-tourn"]
[EventRounds "7"]
[EventCountry "GER"]
[SourceTitle "playchess.com"]
[Source "ChessBase"]
[SourceQuality "1"]
[WhiteTeam "Baden 2"]
[BlackTeam "SG Brandenburg / Berlin"]
[TimeControl "40/5400+30:1800+30"]

1. e4 {[%emt 0:00:00]} e6 {[%emt 0:00:00]} 2. d4 {[%emt 0:00:00]} d5 {[%emt 0:00:00]} 3. Nd2 {[%emt 0:00:20]} Nf6 {[%emt 0:00:00]} 4. e5 {[%emt 0:00:28]} Nfd7 {[%emt 0:00:00]} 5. Bd3 {[%emt 0:00:28]} c5 {[%emt 0:00:10]} 6. c3 {[%emt 0:00:20]} Nc6 {[%emt 0:00:02]} 7. Ne2 {[%emt 0:00:30]} cxd4 {[%emt 0:00:28]} 8. cxd4 {[%emt 0:00:43]} f6 {[%emt 0:00:38]} 9. exf6 {[%emt 0:00:30]} Nxf6 {[%emt 0:00:09]} 10. Nf3 {[%emt 0:01:56]} Bd6 {[%emt 0:00:21]} 11. O-O {[%emt 0:00:48]} O-O {[%emt 0:00:26]} 12. Bf4 {[%emt 0:01:25]} Bxf4 {[%emt 0:06:54]} 13. Nxf4 {[%emt 0:00:07]} Kh8 {[%emt 0:00:36]} 14. Re1 {[%emt 0:27:22]} Qd6 {[%emt 0:05:24]} 15. g3 {[%emt 0:01:46]} Bd7 {[%emt 0:01:11]} 16. a3 {[%emt 0:28:04]} Rae8 {[%emt 0:02:36]} 17. Bc2 {[%emt 0:11:20]} Re7 {[%emt 0:16:07]} 18. Ng5 {[%emt 0:08:25]} Kg8 {[%emt 0:02:16]} 19. Qb1 {[%emt 0:07:03]} g6 {[%emt 0:05:45]} 20. Bxg6 {[%emt 0:04:30]} Rg7 {[%emt 0:02:17]} 21. Bxh7+ {[%emt 0:02:29]} Nxh7 {[%emt 0:00:32]} 22. Ngxe6 {[%emt 0:00:13]} Bxe6 {[%emt 0:01:12]} 23. Nxe6 {[%emt 0:00:03]} Nxd4 {[%emt 0:02:37]} 24. Kg2 {[%emt 0:01:11]} Nxe6 {[%emt 0:00:08] normal} 0-1

[Event "-chT Youth Countries 2019"]
[Site "Wuerzburg"]
[Date "2019.10.02"]
[Round "2.7"]
[White "Wiesner, Paula"]
[Black "Kempe, Caius Emilian"]
[Result "0-1"]
[WhiteElo "1958"]
[BlackElo "1835"]
[Annotator "NA"]
[PlyCount "78"]
[EventDate "2019.10.02"]
[EventType "team-tourn"]
[EventRounds "7"]
[EventCountry "GER"]
[SourceTitle "playchess.com"]
[Source "ChessBase"]
[SourceQuality "1"]
[WhiteTeam "Berlin"]
[BlackTeam "Sachsen"]
[TimeControl "40/5400+30:1800+30"]

1. d4 {[%emt 0:00:00]} d5 {[%emt 0:00:00]} 2. c4 {[%emt 0:00:00]} c6 {[%emt 0:00:00]} 3. Nf3 {[%emt 0:00:00]} Nf6 {[%emt 0:00:00]} 4. Nc3 {[%emt 0:00:00]} a6 {[%emt 0:00:00]} 5. e3 {[%emt 0:00:00]} b5 {[%emt 0:00:07]} 6. cxd5 {[%emt 0:01:46]} cxd5 {[%emt 0:00:05]} 7. Bd3 {[%emt 0:01:01]} e6 {[%emt 0:00:24]} 8. O-O {[%emt 0:03:23]} Bd6 {[%emt 0:00:37]} 9. Qe2 {[%emt 0:01:42]} O-O {[%emt 0:00:36]} 10. e4 {[%emt 0:02:53]} b4 {[%emt 0:04:58]} 11. Na4 {[%emt 0:02:51]} dxe4 {[%emt 0:01:41]} 12. Bxe4 {[%emt 0:00:07]} Nxe4 {[%emt 0:00:33]} 13. Qxe4 {[%emt 0:00:13]} Ra7 {[%emt 0:00:41]} 14. Ng5 {[%emt 0:08:48]} f5 {[%emt 0:02:16]} 15. Qe2 {[%emt 0:02:50]} Re7 {[%emt 0:03:53]} 16. Nf3 {[%emt 0:02:23]} h6 {[%emt 0:06:46]} 17. Nc5 {[%emt 0:04:09]} Qb6 {[%emt 0:08:14]} 18. Be3 {[%emt 0:06:37]} Nc6 {[%emt 0:07:04]} 19. Rac1 {[%emt 0:03:53]} f4 {[%emt 0:03:27]} 20. Bd2 {[%emt 0:02:12]} Nxd4 {[%emt 0:00:55]} 21. Nxd4 {[%emt 0:01:52]} Bxc5 {[%emt 0:00:13]} 22. Nf3 {[%emt 0:04:24]} a5 {[%emt 0:04:49]} 23. Ne5 {[%emt 0:06:07]} Ba6 {[%emt 0:04:18]} 24. Nc4 {[%emt 0:00:07]} Qa7 {[%emt 0:01:11]} 25. Qe4 {[%emt 0:07:02]} Bb7 {[%emt 0:01:50]} 26. Qc2 {[%emt 0:01:03]} Bd4 {[%emt 0:03:49]} 27. Nd6 {[%emt 0:03:01]} Ba6 {[%emt 0:00:12]} 28. Nc4 {[%emt 0:01:48]} Bxc4 {[%emt 0:06:46]} 29. Qxc4 {[%emt 0:00:29]} Bxb2 {[%emt 0:00:21]} 30. Rce1 {[%emt 0:02:39]} Qd4 {[%emt 0:00:46]} 31. Qxd4 {[%emt 0:00:30]} Bxd4 {[%emt 0:00:01]} 32. Re4 {[%emt 0:00:09]} e5 {[%emt 0:00:18]} 33. Rfe1 {[%emt 0:00:18]} Rc7 {[%emt 0:00:28]} 34. Rc1 {[%emt 0:00:55]} Rxc1+ {[%emt 0:00:42]} 35. Bxc1 {[%emt 0:00:04]} Rc8 {[%emt 0:00:20]} 36. Re1 {[%emt 0:00:44]} Rc2 {[%emt 0:00:12]} 37. Rf1 {[%emt 0:00:04]} Rxa2 {[%emt 0:00:22]} 38. g3 {[%emt 0:00:27]} fxg3 {[%emt 0:00:19]} 39. hxg3 {[%emt 0:00:12]} b3 {[%emt 0:00:12] normal} 0-1

[Event "-chT Youth Countries 2019"]
[Site "Wuerzburg"]
[Date "2019.10.02"]
[Round "2.7"]
[White "Bardorz, Jana"]
[Black "Sauer, Tim"]
[Result "1-0"]
[WhiteElo "1929"]
[BlackElo "1597"]
[Annotator "NA"]
[PlyCount "109"]
[EventDate "2019.10.02"]
[EventType "team-tourn"]
[EventRounds "7"]
[EventCountry "GER"]
[SourceTitle "playchess.com"]
[Source "ChessBase"]
[SourceQuality "1"]
[WhiteTeam "Bayern 1"]
[BlackTeam "Niedersachsen"]
[TimeControl "40/5400+30:1800+30"]

1. e4 {[%emt 0:00:00]} c6 {[%emt 0:00:00]} 2. d4 {[%emt 0:00:00]} d5 {[%emt 0:00:00]} 3. exd5 {[%emt 0:00:00]} cxd5 {[%emt 0:00:00]} 4. Bd3 {[%emt 0:00:00]} Nc6 {[%emt 0:00:06]} 5. c3 {[%emt 0:00:00]} Nf6 {[%emt 0:00:12]} 6. Bf4 {[%emt 0:00:16]} Bg4 {[%emt 0:00:12]} 7. Qb3 {[%emt 0:00:14]} Qd7 {[%emt 0:00:15]} 8. Nd2 {[%emt 0:00:35]} e6 {[%emt 0:00:13]} 9. Ngf3 {[%emt 0:00:10]} Bxf3 {[%emt 0:00:08]} 10. Nxf3 {[%emt 0:00:11]} Bd6 {[%emt 0:00:45]} 11. Bxd6 {[%emt 0:01:27]} Qxd6 {[%emt 0:00:07]} 12. O-O {[%emt 0:01:00]} O-O {[%emt 0:00:06]} 13. Rae1 {[%emt 0:02:44]} Qc7 {[%emt 0:00:10]} 14. h3 {[%emt 0:05:12]} Rab8 {[%emt 0:00:57]} 15. Ne5 {[%emt 0:04:17]} Nxe5 {[%emt 0:01:11]} 16. Rxe5 {[%emt 0:01:23]} b5 {[%emt 0:00:57]} 17. a3 {[%emt 0:05:38]} a5 {[%emt 0:04:20]} 18. Rc1 {[%emt 0:12:25]} Qb6 {[%emt 0:03:11]} 19. Qd1 {[%emt 0:04:23]} b4 {[%emt 0:01:18]} 20. axb4 {[%emt 0:02:29]} axb4 {[%emt 0:00:12]} 21. c4 {[%emt 0:03:48]} dxc4 {[%emt 0:02:08]} 22. Rxc4 {[%emt 0:03:23]} Rfd8 {[%emt 0:01:32]} 23. Rec5 {[%emt 0:04:46]} g6 {[%emt 0:11:31]} 24. Be2 {[%emt 0:08:32]} Qd6 {[%emt 0:14:42]} 25. Bf3 {[%emt 0:04:05]} Kg7 {[%emt 0:10:29]} 26. Qc1 {[%emt 0:08:37]} Ng8 {[%emt 0:08:58]} 27. Rc6 {[%emt 0:03:23]} Qd7 {[%emt 0:01:06]} 28. Qf4 {[%emt 0:02:00]} Nh6 {[%emt 0:04:00]} 29. Qe5+ {[%emt 0:04:08]} Kg8 {[%emt 0:01:17]} 30. Qf6 {[%emt 0:02:31]} Rf8 {[%emt 0:02:12]} 31. Rc7 {[%emt 0:02:56]} Qa4 {[%emt 0:00:35]} 32. Kh2 {[%emt 0:04:58]} Qa1 {[%emt 0:02:44]} 33. d5 {[%emt 0:01:44]} exd5 {[%emt 0:00:46]} 34. Bxd5 {[%emt 0:00:50]} Rbd8 {[%emt 0:01:03]} 35. Bxf7+ {[%emt 0:05:00]} Nxf7 {[%emt 0:00:37]} 36. Rxf7 {[%emt 0:00:11]} Rxf7 {[%emt 0:00:57]} 37. Qxd8+ {[%emt 0:00:06]} Kg7 {[%emt 0:00:19]} 38. Qd4+ {[%emt 0:00:19]} Kh6 {[%emt 0:01:37]} 39. Rxb4 {[%emt 0:01:05]} Qf1 {[%emt 0:01:43]} 40. Qh4+ {[%emt 0:00:49]} Kg7 {[%emt 0:00:25]} 41. Rf4 {[%emt 0:30:16]} Rxf4 {[%emt 0:31:56]} 42. Qxf4 {[%emt 0:00:05]} Qb5 {[%emt 0:00:18]} 43. b4 {[%emt 0:00:39]} Kg8 {[%emt 0:01:13]} 44. Qd6 {[%emt 0:02:53]} Qf5 {[%emt 0:02:19]} 45. Qc5 {[%emt 0:01:39]} Qf4+ {[%emt 0:00:17]} 46. g3 {[%emt 0:00:35]} Qf3 {[%emt 0:00:23]} 47. b5 {[%emt 0:00:33]} h5 {[%emt 0:00:19]} 48. Qe3 {[%emt 0:00:00]} Qd5 {[%emt 0:00:00]} 49. Qe8+ {[%emt 0:00:00]} Kg7 {[%emt 0:00:00]} 50. Qe7+ {[%emt 0:00:00]} Kg8 {[%emt 0:00:00]} 51. b6 {[%emt 0:00:00]} Qf5 {[%emt 0:00:00]} 52. Qe3 {[%emt 0:00:00]} Qf7 {[%emt 0:00:00]} 53. Qd4 {[%emt 0:00:00]} Kh7 {[%emt 0:00:00]} 54. Qf4 {[%emt 0:00:00]} Qb3 {[%emt 0:00:00]} 55. Qc7+ {[%emt 0:00:00] normal} 1-0

[Event "-chT Youth Countries 2019"]
[Site "Wuerzburg"]
[Date "2019.10.02"]
[Round "2.7"]
[White "Mundt, Alexandra"]
[Black "Yue, Qizhou"]
[Result "1/2-1/2"]
[WhiteElo "1760"]
[BlackElo "1810"]
[Annotator "NA"]
[PlyCount "79"]
[EventDate "2019.10.02"]
[EventType "team-tourn"]
[EventRounds "7"]
[EventCountry "GER"]
[SourceTitle "playchess.com"]
[Source "ChessBase"]
[SourceQuality "1"]
[WhiteTeam "Schleswig-Holstein"]
[BlackTeam "Rheinland-Pfalz"]
[TimeControl "40/5400+30:1800+30"]

1. e4 {[%emt 0:00:00]} c5 {[%emt 0:00:00]} 2. Nf3 {[%emt 0:00:00]} e6 {[%emt 0:00:00]} 3. d4 {[%emt 0:00:00]} cxd4 {[%emt 0:00:00]} 4. Nxd4 {[%emt 0:00:00]} Nc6 {[%emt 0:00:04]} 5. Nc3 {[%emt 0:00:52]} Qc7 {[%emt 0:00:23]} 6. Be2 {[%emt 0:01:46]} a6 {[%emt 0:00:17]} 7. a4 {[%emt 0:00:30]} Nf6 {[%emt 0:00:23]} 8. O-O {[%emt 0:02:35]} Bb4 {[%emt 0:00:21]} 9. f3 {[%emt 0:02:14]} d5 {[%emt 0:00:53]} 10. Nxc6 {[%emt 0:09:00]} bxc6 {[%emt 0:00:08]} 11. Qd3 {[%emt 0:04:14]} O-O {[%emt 0:01:08]} 12. Bg5 {[%emt 0:04:46]} Nd7 {[%emt 0:02:25]} 13. Kh1 {[%emt 0:02:21]} Bb7 {[%emt 0:07:51]} 14. Qe3 {[%emt 0:07:29]} e5 {[%emt 0:03:50]} 15. Qf2 {[%emt 0:05:13]} f6 {[%emt 0:16:06]} 16. Bc1 {[%emt 0:02:13]} a5 {[%emt 0:09:24]} 17. Qg3 {[%emt 0:05:37]} Nc5 {[%emt 0:03:03]} 18. Bd3 {[%emt 0:02:09]} Ba6 {[%emt 0:10:00]} 19. Rd1 {[%emt 0:01:10]} Bxc3 {[%emt 0:03:03]} 20. bxc3 {[%emt 0:00:07]} dxe4 {[%emt 0:00:14]} 21. fxe4 {[%emt 0:01:46]} Rfd8 {[%emt 0:01:21]} 22. Qe3 {[%emt 0:05:04]} Ne6 {[%emt 0:03:43]} 23. Ba3 {[%emt 0:04:53]} Bxd3 {[%emt 0:04:06]} 24. cxd3 {[%emt 0:00:21]} c5 {[%emt 0:04:30]} 25. Bb2 {[%emt 0:09:37]} Rab8 {[%emt 0:01:29]} 26. Rd2 {[%emt 0:09:24]} Rd6 {[%emt 0:04:31]} 27. d4 {[%emt 0:06:55]} cxd4 {[%emt 0:00:36]} 28. cxd4 {[%emt 0:00:08]} exd4 {[%emt 0:00:37]} 29. Bxd4 {[%emt 0:00:02]} Rbd8 {[%emt 0:01:04]} 30. Bc3 {[%emt 0:01:11]} Nc5 {[%emt 0:05:47]} 31. Rxd6 {[%emt 0:03:11]} Rxd6 {[%emt 0:00:35]} 32. Bd4 {[%emt 0:02:55]} Rc6 {[%emt 0:02:06]} 33. Rc1 {[%emt 0:02:11]} Ne6 {[%emt 0:00:42]} 34. Rd1 {[%emt 0:04:29]} Nxd4 {[%emt 0:00:42]} 35. Qxd4 {[%emt 0:00:01]} Rc4 {[%emt 0:00:50]} 36. Qd5+ {[%emt 0:00:00]} Kf8 {[%emt 0:00:26]} 37. h3 {[%emt 0:01:19]} Rxa4 {[%emt 0:04:42]} 38. Qa8+ {[%emt 0:00:34]} Kf7 {[%emt 0:04:47]} 39. Qd5+ {[%emt 0:00:02]} Kf8 {[%emt 0:01:20]} 40. Qa8+ {normal} 1/2-1/2

[Event "-chT Youth Countries 2019"]
[Site "Wuerzburg"]
[Date "2019.10.02"]
[Round "2.7"]
[White "Sperling, Niclas"]
[Black "Henninger, Claire"]
[Result "1/2-1/2"]
[WhiteElo "1656"]
[BlackElo "1471"]
[Annotator "NA"]
[PlyCount "109"]
[EventDate "2019.10.02"]
[EventType "team-tourn"]
[EventRounds "7"]
[EventCountry "GER"]
[SourceTitle "playchess.com"]
[Source "ChessBase"]
[SourceQuality "1"]
[WhiteTeam "SG Brandenburg / Berlin"]
[BlackTeam "Baden 2"]
[TimeControl "40/5400+30:1800+30"]

1. e4 {[%emt 0:00:00]} c6 {[%emt 0:00:00]} 2. d4 {[%emt 0:00:00]} d5 {[%emt 0:00:05]} 3. Nc3 {[%emt 0:00:00]} dxe4 {[%emt 0:00:40]} 4. Nxe4 {[%emt 0:00:04]} Bf5 {[%emt 0:00:25]} 5. Ng3 {[%emt 0:00:09]} Bg6 {[%emt 0:00:21]} 6. h4 {[%emt 0:00:19]} h6 {[%emt 0:02:03]} 7. Nf3 {[%emt 0:00:57]} Nd7 {[%emt 0:02:38]} 8. Bc4 {[%emt 0:01:24]} e6 {[%emt 0:02:06]} 9. Bf4 {[%emt 0:07:35]} Ngf6 {[%emt 0:07:30]} 10. Qd2 {[%emt 0:03:10]} Nd5 {[%emt 0:08:56]} 11. c3 {[%emt 0:07:45]} Nxf4 {[%emt 0:02:26]} 12. Qxf4 {[%emt 0:00:16]} Qf6 {[%emt 0:05:59]} 13. Qe3 {[%emt 0:03:09]} Bd6 {[%emt 0:03:21]} 14. Ne4 {[%emt 0:01:43]} Bxe4 {[%emt 0:05:25]} 15. Qxe4 {[%emt 0:00:13]} Qf4 {[%emt 0:01:10]} 16. Qxf4 {[%emt 0:02:33]} Bxf4 {[%emt 0:00:18]} 17. g3 {[%emt 0:00:01]} Bd6 {[%emt 0:00:19]} 18. O-O-O {[%emt 0:00:07]} O-O-O {[%emt 0:00:43]} 19. Rhe1 {[%emt 0:00:29]} Rhe8 {[%emt 0:05:29]} 20. Bb3 {[%emt 0:00:43]} Re7 {[%emt 0:01:29]} 21. Nd2 {[%emt 0:02:59]} Nb6 {[%emt 0:02:20]} 22. Ne4 {[%emt 0:01:30]} a5 {[%emt 0:03:00]} 23. Nxd6+ {[%emt 0:00:49]} Rxd6 {[%emt 0:00:20]} 24. a4 {[%emt 0:00:17]} Red7 {[%emt 0:01:24]} 25. Re2 {[%emt 0:01:28]} Rd8 {[%emt 0:07:38]} 26. Red2 {[%emt 0:01:31]} f6 {[%emt 0:01:41]} 27. Re2 {[%emt 0:02:03]} Nd5 {[%emt 0:04:00]} 28. Rde1 {[%emt 0:00:27]} Re8 {[%emt 0:02:19]} 29. f4 {[%emt 0:00:28]} g6 {[%emt 0:10:55]} 30. h5 {[%emt 0:02:01]} g5 {[%emt 0:01:53]} 31. f5 {[%emt 0:00:14]} Kd7 {[%emt 0:01:28]} 32. Kd2 {[%emt 0:02:13]} e5 {[%emt 0:06:04]} 33. Kc2 {[%emt 0:02:10]} b6 {[%emt 0:09:58]} 34. dxe5 {[%emt 0:01:16]} fxe5 {[%emt 0:00:30]} 35. Rxe5 {[%emt 0:00:04]} Nf6 {[%emt 0:00:36]} 36. Rxe8 {[%emt 0:04:16]} Nxe8 {[%emt 0:00:05]} 37. Bc4 {[%emt 0:06:00]} Nf6 {[%emt 0:00:48]} 38. Re6 {[%emt 0:04:49]} Rxe6 {[%emt 0:00:39]} 39. Bxe6+ {[%emt 0:00:03]} Ke7 {[%emt 0:00:13]} 40. Kd3 {[%emt 0:00:16]} Nxh5 {[%emt 0:00:51]} 41. Ke4 {[%emt 0:34:44]} Nxg3+ 42. Ke5 Nh5 {[%emt 0:17:23]} 43. b4 {[%emt 0:00:00]} g4 {[%emt 0:01:33]} 44. Bc4 {[%emt 0:00:00]} Nf6 {[%emt 0:02:59]} 45. b5 {[%emt 0:00:00]} c5 {[%emt 0:02:54]} 46. Be2 {[%emt 0:00:00]} h5 {[%emt 0:00:34]} 47. c4 {[%emt 0:00:00]} g3 {[%emt 0:05:26]} 48. Bf3 {[%emt 0:00:00]} h4 {[%emt 0:01:45]} 49. Kf4 {[%emt 0:00:00]} Kd6 {[%emt 0:00:46]} 50. Bg2 {[%emt 0:00:00]} Nh7 {[%emt 0:01:22]} 51. Bh3 {[%emt 0:00:00]} Nf6 {[%emt 0:00:33]} 52. Bg2 {[%emt 0:00:00]} Nh7 {[%emt 0:00:23]} 53. Bh3 {[%emt 0:00:00]} Nf6 {[%emt 0:00:11]} 54. Bg2 {[%emt 0:00:00]} Nh7 {[%emt 0:01:31]} 55. Bh3 {[%emt 0:00:00] normal} 1/2-1/2

[Event "-chT Youth Countries 2019"]
[Site "Wuerzburg"]
[Date "2019.10.02"]
[Round "2.7"]
[White "Fischer, Darja"]
[Black "Bungarten, Jona"]
[Result "0-1"]
[WhiteElo "1604"]
[BlackElo "1669"]
[Annotator "NA"]
[PlyCount "54"]
[EventDate "2019.10.02"]
[EventType "team-tourn"]
[EventRounds "7"]
[EventCountry "GER"]
[SourceTitle "playchess.com"]
[Source "ChessBase"]
[SourceQuality "1"]
[WhiteTeam "Baden 1"]
[BlackTeam "Nordrhein-Westfalen"]
[TimeControl "40/5400+30:1800+30"]

1. d4 {[%emt 0:00:00]} d5 {[%emt 0:00:00]} 2. c4 {[%emt 0:00:45]} e6 {[%emt 0:00:00]} 3. Nc3 {[%emt 0:00:19]} c5 {[%emt 0:00:16]} 4. cxd5 {[%emt 0:00:59]} cxd4 {[%emt 0:00:08]} 5. Qxd4 {[%emt 0:00:37]} Nc6 {[%emt 0:00:07]} 6. Qd1 {[%emt 0:01:53]} exd5 {[%emt 0:00:43]} 7. Nf3 {[%emt 0:02:02]} Nf6 {[%emt 0:02:38]} 8. Bg5 {[%emt 0:02:23]} d4 {[%emt 0:04:36]} 9. Nb1 {[%emt 0:05:54]} Bb4+ {[%emt 0:02:15]} 10. Nbd2 {[%emt 0:01:31]} h6 {[%emt 0:00:38]} 11. Bxf6 {[%emt 0:03:20]} Qxf6 {[%emt 0:00:14]} 12. g3 {[%emt 0:02:23]} O-O {[%emt 0:01:04]} 13. Bg2 {[%emt 0:00:41]} d3 {[%emt 0:01:20]} 14. exd3 {[%emt 0:16:46]} Re8+ {[%emt 0:00:10]} 15. Kf1 {[%emt 0:00:31]} Bg4 {[%emt 0:00:14]} 16. h3 {[%emt 0:02:19]} Bh5 {[%emt 0:00:39]} 17. g4 {[%emt 0:04:14]} Bg6 {[%emt 0:00:17]} 18. Qb3 {[%emt 0:05:02]} Rad8 {[%emt 0:00:51]} 19. Ne4 {[%emt 0:04:54]} Bxe4 {[%emt 0:00:59]} 20. dxe4 {[%emt 0:00:11]} Rxe4 {[%emt 0:00:18]} 21. Kg1 {[%emt 0:02:36]} Re2 {[%emt 0:00:33]} 22. Qc4 {[%emt 0:08:13]} Qxb2 {[%emt 0:01:08]} 23. Rf1 {[%emt 0:03:33]} Rc2 {[%emt 0:03:14]} 24. Qe4 {[%emt 0:01:58]} Bc5 {[%emt 0:00:21]} 25. g5 {[%emt 0:02:16]} Rxf2 {[%emt 0:00:37]} 26. Rh2 {[%emt 0:03:50]} Rxf1+ {[%emt 0:00:12]} 27. Kxf1 {[%emt 0:00:17]} Qf2# {[%emt 0:00:07] normal} 0-1

[Event "-chT Youth Countries 2019"]
[Site "Wuerzburg"]
[Date "2019.10.02"]
[Round "2.7"]
[White "Huppert, Anna"]
[Black "Fuchs, Florian"]
[Result "0-1"]
[WhiteElo "1516"]
[BlackElo "2256"]
[Annotator "NA"]
[PlyCount "79"]
[EventDate "2019.10.02"]
[EventType "team-tourn"]
[EventRounds "7"]
[EventCountry "GER"]
[SourceTitle "playchess.com"]
[Source "ChessBase"]
[SourceQuality "1"]
[WhiteTeam "Saarland"]
[BlackTeam "Bayern 2"]
[TimeControl "40/5400+30:1800+30"]

1. e4 {[%emt 0:00:00]} c5 {[%emt 0:00:00]} 2. d4 {[%emt 0:00:00]} cxd4 {[%emt 0:00:00]} 3. c3 {[%emt 0:00:00]} g6 {[%emt 0:00:00]} 4. Bc4 {[%emt 0:00:00]} e6 {[%emt 0:00:26]} 5. Nf3 {[%emt 0:02:45]} Bg7 {[%emt 0:00:38]} 6. cxd4 {[%emt 0:01:41]} d5 {[%emt 0:00:33]} 7. exd5 {[%emt 0:01:47]} exd5 {[%emt 0:00:13]} 8. Bb3 {[%emt 0:00:34]} Ne7 {[%emt 0:01:30]} 9. Nc3 {[%emt 0:00:25]} O-O {[%emt 0:02:21]} 10. O-O {[%emt 0:00:40]} Nbc6 {[%emt 0:00:09]} 11. Bg5 {[%emt 0:14:39]} Be6 {[%emt 0:03:20]} 12. Qd2 {[%emt 0:04:11]} f6 {[%emt 0:02:56]} 13. Bh6 {[%emt 0:05:56]} Na5 {[%emt 0:01:08]} 14. Bc2 {[%emt 0:01:55]} Nc4 {[%emt 0:00:43]} 15. Qc1 {[%emt 0:01:12]} Nf5 {[%emt 0:02:06]} 16. Bxg7 {[%emt 0:01:04]} Kxg7 {[%emt 0:00:11]} 17. Re1 {[%emt 0:02:32]} Qd6 {[%emt 0:01:50]} 18. b3 {[%emt 0:12:57]} Na5 {[%emt 0:01:39]} 19. Qd2 {[%emt 0:00:51]} Nc6 {[%emt 0:08:56]} 20. Rac1 {[%emt 0:04:09]} Rac8 {[%emt 0:00:22]} 21. Nb5 {[%emt 0:11:56]} Qd7 {[%emt 0:00:21]} 22. a3 {[%emt 0:00:34]} a6 {[%emt 0:02:26]} 23. Nc3 {[%emt 0:00:14]} Rfe8 {[%emt 0:02:27]} 24. b4 {[%emt 0:02:31]} b5 {[%emt 0:03:04]} 25. Bb3 {[%emt 0:01:07]} Bf7 {[%emt 0:02:25]} 26. Red1 {[%emt 0:06:57]} g5 {[%emt 0:04:18]} 27. h3 {[%emt 0:03:05]} h5 {[%emt 0:00:39]} 28. Ne2 {[%emt 0:02:53]} Nd6 {[%emt 0:00:55]} 29. Qa2 {[%emt 0:03:15]} Ne7 {[%emt 0:03:07]} 30. Nc3 {[%emt 0:03:07]} Nc4 {[%emt 0:00:12]} 31. Ne1 {[%emt 0:04:09]} Qd6 {[%emt 0:03:52]} 32. Nd3 {[%emt 0:01:30]} Rh8 {[%emt 0:01:34]} 33. Ne2 {[%emt 0:02:55]} Nf5 {[%emt 0:00:45]} 34. g3 {[%emt 0:04:17]} Rce8 {[%emt 0:02:43]} 35. Kg2 {[%emt 0:01:02]} Qe6 {[%emt 0:02:13]} 36. Rc2 {[%emt 0:00:37]} Nfe3+ {[%emt 0:00:59]} 37. fxe3 {[%emt 0:00:12]} Nxe3+ {[%emt 0:00:05]} 38. Kf2 {[%emt 0:00:48]} Nxd1+ {[%emt 0:00:13]} 39. Ke1 {[%emt 0:00:25]} Ne3 {[%emt 0:00:11]} 40. Rc5 {[%emt 0:00:00] normal} 0-1

[Event "-chT Youth Countries 2019"]
[Site "Wuerzburg"]
[Date "2019.10.02"]
[Round "2.7"]
[White "Voigt, Anastasia"]
[Black "Buchholz, Maja"]
[Result "1-0"]
[WhiteElo "1457"]
[BlackElo "1671"]
[Annotator "NA"]
[PlyCount "35"]
[EventDate "2019.10.02"]
[EventType "team-tourn"]
[EventRounds "7"]
[EventCountry "GER"]
[SourceTitle "playchess.com"]
[Source "ChessBase"]
[SourceQuality "1"]
[WhiteTeam "Sachsen-Anhalt"]
[BlackTeam "Hessen"]
[WhiteTeamCountry "GER"]
[BlackTeamCountry "GER"]
[TimeControl "40/5400+30:1800+30"]

1. e4 {[%emt 0:00:00]} e6 {[%emt 0:00:00]} 2. d4 {[%emt 0:00:00]} d5 {[%emt 0:00:00]} 3. Nd2 {[%emt 0:00:00]} Nf6 {[%emt 0:00:00]} 4. e5 {[%emt 0:00:00]} Nfd7 {[%emt 0:00:00]} 5. Bd3 {[%emt 0:00:08]} c5 {[%emt 0:00:08]} 6. c3 {[%emt 0:00:08]} Nc6 {[%emt 0:00:17]} 7. Ne2 {[%emt 0:00:16]} f6 {[%emt 0:00:32]} 8. exf6 {[%emt 0:01:48]} Nxf6 {[%emt 0:00:13]} 9. Nf3 {[%emt 0:00:52]} Bd6 {[%emt 0:00:30]} 10. Bf4 {[%emt 0:01:09]} Be7 {[%emt 0:00:19]} 11. O-O {[%emt 0:00:47]} O-O {[%emt 0:00:13]} 12. Qc2 {[%emt 0:03:20]} Bd7 {[%emt 0:01:42]} 13. Rfe1 {[%emt 0:03:28]} c4 {[%emt 0:02:36]} 14. Bxc4 {[%emt 0:03:32]} dxc4 {[%emt 0:00:19]} 15. Ng3 {[%emt 0:00:51]} Nd5 {[%emt 0:01:07]} 16. Bd2 {[%emt 0:01:07]} Bd6 {[%emt 0:00:43]} 17. Ng5 {[%emt 0:00:48]} h6 {[%emt 0:02:15]} 18. Qh7# {[%emt 0:00:09] normal} 1-0

[Event "-chT Youth Countries 2019"]
[Site "Wuerzburg"]
[Date "2019.10.02"]
[Round "2.8"]
[White "Pohle, Saskia"]
[Black "Lorenz, Veronika"]
[Result "1-0"]
[WhiteElo "1716"]
[BlackElo "1237"]
[Annotator "NA"]
[PlyCount "49"]
[EventDate "2019.10.02"]
[EventType "team-tourn"]
[EventRounds "7"]
[EventCountry "GER"]
[SourceTitle "playchess.com"]
[Source "ChessBase"]
[SourceQuality "1"]
[WhiteTeam "Sachsen"]
[BlackTeam "Berlin"]
[TimeControl "40/5400+30:1800+30"]

1. e4 {[%emt 0:00:00]} e5 {[%emt 0:00:00]} 2. Nf3 {[%emt 0:00:00]} Nc6 {[%emt 0:00:00]} 3. d4 {[%emt 0:00:00]} exd4 {[%emt 0:00:14]} 4. Bc4 {[%emt 0:00:00]} Nf6 {[%emt 0:00:35]} 5. e5 {[%emt 0:00:00]} d5 {[%emt 0:00:19]} 6. Bb5 {[%emt 0:00:08]} Ne4 {[%emt 0:00:15]} 7. Nxd4 {[%emt 0:00:22]} Bd7 {[%emt 0:00:14]} 8. Bxc6 {[%emt 0:00:17]} bxc6 {[%emt 0:00:12]} 9. O-O {[%emt 0:00:11]} Bc5 {[%emt 0:00:19]} 10. f3 {[%emt 0:00:14]} Ng5 {[%emt 0:00:20]} 11. f4 {[%emt 0:00:20]} Ne4 {[%emt 0:00:27]} 12. Be3 {[%emt 0:00:15]} Bb6 {[%emt 0:00:18]} 13. Nd2 {[%emt 0:00:33]} Nxd2 {[%emt 0:00:26]} 14. Qxd2 {[%emt 0:00:05]} O-O {[%emt 0:00:25]} 15. f5 {[%emt 0:08:11]} c5 {[%emt 0:03:36]} 16. Nb3 {[%emt 0:02:27]} d4 {[%emt 0:01:31]} 17. Bg5 {[%emt 0:00:42]} Qe8 {[%emt 0:01:14]} 18. Rae1 {[%emt 0:01:48]} Kh8 {[%emt 0:03:52]} 19. f6 {[%emt 0:07:32]} g6 {[%emt 0:03:32]} 20. Bh6 {[%emt 0:00:53]} Rg8 {[%emt 0:00:12]} 21. Rf4 {[%emt 0:03:48]} Qe6 {[%emt 0:05:36]} 22. Rh4 {[%emt 0:05:45]} Bc6 {[%emt 0:04:36]} 23. Bf8 {[%emt 0:13:06]} Qd5 {[%emt 0:06:32]} 24. Rxh7+ {[%emt 0:00:04]} Kxh7 {[%emt 0:00:38]} 25. Qh6# {normal} 1-0